[Event "OLNW 1819 SF Hannover - Hamelner SV"]
[Site "?"]
[Date "2018.10.21"]
[Round "1.1"]
[White "Bode, Wilfried"]
[Black "Ackermann, Dennie"]
[Result "1/2-1/2"]
[WhiteElo "2351"]
[BlackElo "2158"]
[PlyCount "39"]
[EventDate "2018.??.??"]

1. Nf3 d5 2. c4 d4 3. g3 Nc6 4. Bg2 e5 5. d3 Bb4+ 6. Bd2 Bxd2+ 7. Qxd2 Qe7 8.
O-O Nf6 9. Na3 O-O 10. Nc2 a5 11. e3 dxe3 12. Qxe3 Rd8 13. Rfe1 Bf5 14. Nxe5
Nxe5 15. Qxe5 Qxe5 16. Rxe5 Bxd3 17. Ne1 c6 18. Rd1 Bxc4 19. Rxa5 Ba6 20. Rxa6
1/2-1/2

[Event "OLNW 1819 SF Hannover - Hamelner SV"]
[Site "?"]
[Date "2018.10.21"]
[Round "1.3"]
[White "van Son, Lutz"]
[Black "Pawelzik, Malte"]
[Result "1-0"]
[WhiteElo "2160"]
[BlackElo "2127"]
[PlyCount "113"]
[EventDate "2018.??.??"]

1. e4 e6 2. d3 d5 3. Nd2 c5 4. Ngf3 Nc6 5. g3 Bd6 6. Bg2 Nge7 7. O-O O-O 8. Re1
Qc7 9. c3 Bd7 10. a3 a5 11. d4 f6 12. exd5 exd5 13. dxc5 Bxc5 14. Nb3 Bd6 15.
Be3 b6 16. Nh4 Rad8 17. Bxd5+ Nxd5 18. Qxd5+ Kh8 19. Nd4 Nxd4 20. Bxd4 Bc6 21.
Qh5 Kg8 22. Re3 Ba8 23. Rae1 Qc6 24. f3 Rf7 25. Nf5 Bf8 26. Qg4 g6 27. Kf2 Qd7
28. Re6 Bd5 29. Rxf6 Rxf6 30. Bxf6 Bc5+ 31. Kg2 Bf7 32. Nh6+ Kf8 33. Bxd8 Qd2+
34. Kh3 Qxe1 35. Nxf7 Kxf7 36. Qd7+ Kg8 37. Bf6 Qf1+ 38. Kh4 Qc4+ 39. f4 Bf8
40. Qd4 Qc6 41. Qe5 Qd7 42. g4 Kf7 43. Qd4 Qe6 44. Be5 h5 45. h3 Bc5 46. Qd2
g5+ 47. Kg3 h4+ 48. Kh2 Ke8 49. b4 axb4 50. axb4 Be7 51. Kg1 Qb3 52. fxg5 Qb1+
53. Kf2 Qe4 54. Bf6 Bxf6 55. gxf6 Kf7 56. Qd7+ Kxf6 57. Qd4+ 1-0

[Event "OLNW 1819 SF Hannover - Hamelner SV"]
[Site "?"]
[Date "2018.10.21"]
[Round "1.4"]
[White "Kaimer, Thomas"]
[Black "Renner, Kai"]
[Result "0-1"]
[WhiteElo "2159"]
[BlackElo "2159"]
[PlyCount "102"]
[EventDate "2018.??.??"]

1. e4 c5 2. Nf3 e6 3. d4 cxd4 4. Nxd4 a6 5. Nc3 Qc7 6. Bd3 Nf6 7. O-O b5 8. Bg5
Be7 9. Qd2 Bb7 10. Rae1 d6 11. a4 bxa4 12. Nxa4 Nbd7 13. f4 h6 14. Bxf6 Bxf6
15. e5 dxe5 16. Nxe6 fxe6 17. Bg6+ Kd8 18. fxe5 Be7 19. Rd1 Bc6 20. Nc3 Rf8 21.
Rxf8+ Bxf8 22. Qf4 Bc5+ 23. Kh1 Kc8 24. Ne4 Qxe5 25. Qf7 Bd4 26. c3 Bxe4 27.
cxd4 Bxg2+ 28. Kxg2 Qe2+ 29. Kg3 Qxd1 30. Qxe6 Qg1+ 31. Kh3 Qf1+ 32. Kg3 Qf6
33. Qe8+ Kc7 34. Qxa8 Qxg6+ 35. Kf4 Qd6+ 36. Ke3 Qe6+ 37. Kf4 g5+ 38. Kg3 Qe3+
39. Kg2 Qd2+ 40. Kg3 Qf4+ 41. Kg2 Qg4+ 42. Kf1 Qd1+ 43. Kg2 Qc2+ 44. Kg3 Qd3+
45. Kg2 Nf6 46. Qa7+ Kd6 47. Qf7 Qc2+ 48. Kg3 Qd3+ 49. Kg2 Qe4+ 50. Kg3 Qg4+
51. Kf2 Qxd4+ 0-1

[Event "OLNW 1819 SF Hannover - Hamelner SV"]
[Site "?"]
[Date "2018.10.21"]
[Round "1.5"]
[White "Schmidt, Dennis"]
[Black "Herrmann, Andreas"]
[Result "0-1"]
[WhiteElo "2042"]
[BlackElo "2156"]
[PlyCount "84"]
[EventDate "2018.??.??"]

1. e4 c5 2. Nf3 d6 3. Bb5+ Bd7 4. Bxd7+ Nxd7 5. O-O Ngf6 6. Re1 e6 7. c3 Be7 8.
d4 O-O 9. Nbd2 Qc7 10. Qe2 Rfe8 11. e5 dxe5 12. dxe5 Nd5 13. a4 Nf4 14. Qe4 Ng6
15. Nc4 Nb6 16. h4 Nxc4 17. Qxc4 Rad8 18. h5 Nf8 19. Bf4 Qd7 20. Rad1 Qxd1 21.
Rxd1 Rxd1+ 22. Kh2 Red8 23. Qe4 R8d7 24. Be3 R1d5 25. g4 h6 26. Kg2 Nh7 27. a5
Rd8 28. a6 bxa6 29. Qa4 Bg5 30. Nxg5 hxg5 31. Qe4 Rb8 32. b4 cxb4 33. cxb4 a5
34. Bc5 axb4 35. Bxb4 a5 36. Bd6 Rc8 37. Qb1 Nf6 38. Qb7 Rd8 39. Qe7 R5xd6 40.
exd6 Rd7 41. f4 Rxe7 42. dxe7 gxf4 0-1

[Event "OLNW 1819 SF Hannover - Hamelner SV"]
[Site "?"]
[Date "2018.10.21"]
[Round "1.6"]
[White "Ploog, Martin"]
[Black "Gerstmann, Frank"]
[Result "1/2-1/2"]
[WhiteElo "2107"]
[BlackElo "2151"]
[PlyCount "99"]
[EventDate "2018.??.??"]

1. c4 Nf6 2. Nc3 g6 3. g3 Bg7 4. Bg2 d6 5. d4 O-O 6. Nf3 Nbd7 7. O-O e5 8. e4
exd4 9. Nxd4 Re8 10. Re1 Nc5 11. b3 Ng4 12. f3 Qf6 13. Nde2 Ne5 14. Rf1 a5 15.
Be3 a4 16. b4 Ne6 17. Nd5 Qd8 18. Rc1 Bd7 19. c5 Bb5 20. Qc2 dxc5 21. bxc5 Nc4
22. Bf2 c6 23. Ndc3 Ba6 24. Nxa4 Na3 25. Qb3 Bxe2 26. Rfe1 Bb5 27. Nb6 Ra7 28.
Red1 Qf6 29. Rd2 Rd8 30. Rcd1 Rxd2 31. Rxd2 Qa1+ 32. Rd1 Qc3 33. f4 Be2 34. Re1
Qxb3 35. axb3 Bb5 36. f5 Nd4 37. Rd1 Nac2 38. Bh3 g5 39. f6 Bxf6 40. Nd7 Ne2+
41. Kg2 Bc3 42. e5 Kg7 43. Rd6 Ned4 44. Nf6 Ra1 45. Nh5+ Kf8 46. Rd8+ Ke7 47.
Rd7+ Kf8 48. Rd8+ Ke7 49. Rd7+ Kf8 50. Rd8+ 1/2-1/2

[Event "OLNW 1819 SF Hannover - Hamelner SV"]
[Site "?"]
[Date "2018.10.21"]
[Round "1.7"]
[White "Koch, Yannick"]
[Black "Edel, Thomas"]
[Result "1-0"]
[WhiteElo "2048"]
[BlackElo "2095"]
[PlyCount "55"]
[EventDate "2018.??.??"]

1. d4 d5 2. c4 c6 3. Nf3 Nf6 4. Nc3 a6 5. c5 Bf5 6. Bf4 Nbd7 7. e3 e6 8. Be2
Be7 9. Nd2 h6 10. b4 O-O 11. a4 Qc8 12. g4 Bg6 13. h4 Re8 14. g5 hxg5 15. hxg5
Nh7 16. Nf3 Bd8 17. Bd3 Bxd3 18. Qxd3 g6 19. Rh6 Ndf8 20. a5 e5 21. Nxe5 Qe6
22. O-O-O Bxg5 23. Bxg5 Nxg5 24. Rdh1 Kg7 25. f4 Ne4 26. Nxe4 dxe4 27. Qc2 Nd7
28. Rh7+ 1-0

[Event "OLNW 1819 SF Hannover - Hamelner SV"]
[Site "?"]
[Date "2018.10.21"]
[Round "1.8"]
[White "Witthaus, Joerg"]
[Black "Belov, Igor"]
[Result "1-0"]
[WhiteElo "2017"]
[BlackElo "2066"]
[PlyCount "145"]
[EventDate "2018.??.??"]

1. d4 Nf6 2. Nf3 g6 3. c4 Bg7 4. Nc3 O-O 5. e4 d6 6. Be2 Na6 7. h3 c5 8. Be3
Qa5 9. O-O cxd4 10. Nxd4 Bd7 11. Nb3 Qd8 12. Rc1 Bc6 13. Qc2 b6 14. Rfd1 Qc8
15. Nd5 Re8 16. Bf3 Nd7 17. a3 Ba4 18. Nc3 Bc6 19. Nd5 Ba4 20. Nc3 Bc6 21. Nd5
Bb7 22. g3 Ne5 23. Bg2 e6 24. Nb4 Nxb4 25. axb4 Qc7 26. c5 dxc5 27. bxc5 Rac8
28. Qe2 b5 29. Qxb5 Nc6 30. Nd4 Rb8 31. Qa4 Nxd4 32. Bxd4 Bc6 33. Qc2 e5 34.
Be3 Qb7 35. Ra1 f5 36. Qc4+ Kh8 37. Qa6 Bxe4 38. Qxb7 Rxb7 39. Bxe4 fxe4 40. c6
Rc7 41. Rdc1 Rec8 42. Ra6 Bf8 43. Rc4 Rb8 44. Rxa7 Bd6 45. Rxc7 Bxc7 46. Ra4
Kg8 47. Ra7 Bd8 48. c7 Bxc7 49. Rxc7 Rxb2 50. Rc5 Rb1+ 51. Kg2 Rb4 52. Rxe5 Rc4
53. Rd5 Rc6 54. g4 Kf8 55. Kg3 Rc7 56. Re5 Kf7 57. g5 Rd7 58. Rxe4 Rd1 59. Ra4
Ke6 60. Ra7 Kf5 61. Rf7+ Ke5 62. Rxh7 Rg1+ 63. Kh2 Rb1 64. Kg2 Rb8 65. Rf7 Rg8
66. Bc5 Kd5 67. Bf8 Ke6 68. Rf6+ Ke5 69. f4+ Ke4 70. Kg3 Rh8 71. Kg4 Rg8 72. h4
Rh8 73. Bg7 1-0

[Event "OLNW 1819 Hannover 96 - SV Hellern"]
[Site "?"]
[Date "2018.10.21"]
[Round "1.2"]
[White "Piepho, Niels"]
[Black "Ewert, Hannes"]
[Result "1-0"]
[WhiteElo "2238"]
[BlackElo "2314"]
[PlyCount "97"]
[EventDate "2018.??.??"]

1. Nf3 Nf6 2. g3 b6 3. Bg2 Bb7 4. c4 e6 5. a3 Be7 6. Nc3 O-O 7. O-O c5 8. d4
cxd4 9. Qxd4 d6 10. Rd1 Nbd7 11. Rb1 a6 12. b3 Qc7 13. Bb2 Rfd8 14. h3 Rac8 15.
Ne1 Bf8 16. e4 Qb8 17. Nd3 Qa8 18. Qe3 b5 19. cxb5 axb5 20. Nxb5 Nxe4 21. Rdc1
d5 22. Rxc8 Rxc8 23. Rc1 Ndc5 24. Nxc5 Bxc5 25. Bd4 Bxd4 26. Rxc8+ Qxc8 27.
Qxd4 Ba6 28. a4 Bxb5 29. Bxe4 Bxa4 30. bxa4 dxe4 31. Qxe4 h5 32. h4 Qa6 33. Qb4
Qc8 34. a5 Kh7 35. Qb5 f5 36. a6 f4 37. Qb1+ Kh6 38. Qf1 Qc2 39. Qb5 Qd1+ 40.
Kg2 e5 41. Qb6+ Kh7 42. Qb7 fxg3 43. Kxg3 Qd4 44. a7 Qf4+ 45. Kg2 e4 46. Qb3
Qg4+ 47. Qg3 Qc8 48. Qg5 g6 49. Qe7+ 1-0

[Event "OLNW 1819 Hannover 96 - SV Hellern"]
[Site "?"]
[Date "2018.10.21"]
[Round "1.3"]
[White "Boettcher, Christian"]
[Black "Helmer, Christoph"]
[Result "0-1"]
[WhiteElo "2188"]
[BlackElo "2112"]
[PlyCount "100"]
[EventDate "2018.??.??"]

1. e4 c5 2. Nf3 d6 3. c3 Nf6 4. Be2 e6 5. O-O Nbd7 6. d3 b6 7. Nbd2 Bb7 8. Re1
Be7 9. a3 Qc7 10. Bf1 O-O 11. b4 cxb4 12. cxb4 Rac8 13. Ra2 Rfe8 14. d4 Nxe4
15. Nxe4 Bxe4 16. Rxe4 Qxc1 17. Qb3 Qc6 18. Re1 Qb7 19. Bd3 Nf6 20. Rae2 Qd5
21. Qa4 Rc7 22. Be4 Qh5 23. Bc6 Rec8 24. b5 Bf8 25. Qb3 d5 26. h3 Bd6 27. Nd2
Qg6 28. g3 h5 29. h4 Qg4 30. Qe3 a5 31. Nf1 Qf5 32. f3 Qg6 33. Rg2 e5 34. Kh1
exd4 35. Qxd4 Bc5 36. Qc3 Qf5 37. Nh2 d4 38. Qb3 Rd8 39. g4 hxg4 40. fxg4 Qf4
41. g5 Qxh4 42. gxf6 Qxe1+ 43. Rg1 Qh4 44. Rxg7+ Kf8 45. Qf3 Bd6 46. Rg2 Be5
47. Kg1 Qxf6 48. Qe4 Bxh2+ 49. Kxh2 Qh6+ 50. Kg1 Qe3+ 0-1

[Event "OLNW 1819 Hannover 96 - SV Hellern"]
[Site "?"]
[Date "2018.10.21"]
[Round "1.4"]
[White "Schulz, Daniel"]
[Black "Stock, Joerg"]
[Result "0-1"]
[WhiteElo "2111"]
[BlackElo "2192"]
[PlyCount "110"]
[EventDate "2018.??.??"]

1. d4 Nf6 2. c4 e6 3. g3 d5 4. Nf3 Be7 5. Bg2 O-O 6. O-O dxc4 7. Qc2 a6 8. Qxc4
b5 9. Qc2 Bb7 10. Bd2 Be4 11. Qc1 c6 12. Nc3 Bxf3 13. Bxf3 Qxd4 14. a4 b4 15.
Na2 a5 16. Be3 Qd6 17. Rd1 Nd5 18. Bd4 e5 19. Be3 Nd7 20. Qc4 N7f6 21. Rac1
Rac8 22. Bg5 Qe6 23. Bxf6 Bxf6 24. Bxd5 cxd5 25. Qxd5 Qb6 26. Qe4 g6 27. Kg2
Kg7 28. h4 h5 29. e3 Qa6 30. Rxc8 Rxc8 31. Nc1 Rc4 32. Qd5 Rc2 33. b3 Qc8 34.
Nd3 Qc3 35. e4 Qc7 36. Qb5 Rc3 37. Qd5 Rc2 38. Qb5 Qa7 39. Qd5 Qb6 40. Rc1 Rd2
41. Qc5 Qa6 42. Nxe5 Qe6 43. Nf3 Qxe4 44. Re1 Qa8 45. Qe3 Rc2 46. Rd1 Rc3 47.
Rd3 Qa6 48. Ne1 Qc6+ 49. Qf3 Qe6 50. Re3 Qxb3 51. g4 hxg4 52. Qxg4 Rxe3 53.
fxe3 Qxe3 54. Nf3 b3 55. h5 b2 0-1

[Event "OLNW 1819 Hannover 96 - SV Hellern"]
[Site "?"]
[Date "2018.10.21"]
[Round "1.5"]
[White "Happe, Reinhold"]
[Black "Phunhon Lopez, Daniel Alejandro"]
[Result "1-0"]
[WhiteElo "2133"]
[BlackElo "1948"]
[PlyCount "57"]
[EventDate "2018.??.??"]

1. c4 Nf6 2. Nc3 e6 3. e4 b6 4. e5 Ng8 5. Be2 Bb7 6. Bf3 Bxf3 7. Nxf3 Bb4 8.
O-O Ne7 9. d4 d5 10. Qa4+ Nbc6 11. cxd5 exd5 12. Bg5 Qd7 13. Nb5 Ng6 14. Rac1
Be7 15. Rxc6 Qxc6 16. Rc1 Qd7 17. Rxc7 Qd8 18. Bxe7 Nxe7 19. Nd6+ Kf8 20. Rd7
Qb8 21. Ng5 b5 22. Qa3 b4 23. Qf3 f5 24. Ne6+ Kg8 25. Rxe7 Qf8 26. Nxf8 Kxf8
27. Qxf5+ Kxe7 28. Qf7+ Kd8 29. e6 1-0

[Event "OLNW 1819 Hannover 96 - SV Hellern"]
[Site "?"]
[Date "2018.10.21"]
[Round "1.6"]
[White "Adibekian, Roubik"]
[Black "Weist, Thorben"]
[Result "1-0"]
[WhiteElo "2201"]
[BlackElo "2083"]
[PlyCount "117"]
[EventDate "2018.??.??"]

1. d4 Nf6 2. Nf3 e6 3. g3 b6 4. Bg2 Bb7 5. O-O Be7 6. c4 O-O 7. Nc3 c6 8. e4 d5
9. cxd5 cxd5 10. e5 Nfd7 11. Be3 Nc6 12. Nd2 f5 13. exf6 Nxf6 14. Nb3 Qd7 15.
Re1 Bd6 16. Bh3 Rae8 17. Qe2 Qf7 18. f4 h5 19. Nd2 Bc8 20. Rac1 Bd7 21. Nf3 Qg6
22. Qc2 Qxc2 23. Rxc2 Ne7 24. Ne5 Bxe5 25. fxe5 Nh7 26. Ne2 Rc8 27. Rec1 Rxc2
28. Rxc2 Nf5 29. Bxf5 Rxf5 30. Rc7 Rf3 31. Rxd7 Rxe3 32. Kf2 Rd3 33. Nf4 Rxd4
34. Nxe6 Rd2+ 35. Ke3 Rxb2 36. Rxg7+ Kh8 37. Rxa7 Kg8 38. h4 Rb4 39. Nd4 Rb1
40. e6 Nf6 41. Kf4 Rb4 42. Kf5 Ng4 43. Nc6 Re4 44. Ne7+ Kf8 45. Ng6+ Kg8 46.
Nf4 Re5+ 47. Kg6 Kf8 48. Rf7+ Ke8 49. Rf5 d4 50. Rxh5 Rxh5 51. Kxh5 Ne5 52. Kg5
d3 53. Nxd3 Nxd3 54. h5 Ke7 55. Kf5 Kf8 56. h6 Nc5 57. h7 Kg7 58. e7 Nb7 59.
h8=Q+ 1-0

[Event "OLNW 1819 Hannover 96 - SV Hellern"]
[Site "?"]
[Date "2018.10.21"]
[Round "1.7"]
[White "Lewin, Tammo"]
[Black "Usachyi, Vladimir"]
[Result "1-0"]
[WhiteElo "2066"]
[BlackElo "2123"]
[PlyCount "89"]
[EventDate "2018.??.??"]

1. d4 d6 2. c4 Nf6 3. Nc3 Nbd7 4. e4 e5 5. Nge2 c6 6. f3 Be7 7. Be3 O-O 8. Qd2
Qc7 9. d5 a6 10. g4 Rb8 11. Ng3 Rd8 12. g5 Ne8 13. Nf5 Bf8 14. h4 Nb6 15. Qf2
c5 16. Bd3 Bd7 17. a4 Nc8 18. h5 Ne7 19. g6 fxg6 20. hxg6 hxg6 21. Nxe7+ Bxe7
22. Qg3 Nf6 23. Qxg6 Be8 24. Qg2 b5 25. axb5 axb5 26. Nxb5 Bxb5 27. cxb5 Ra8
28. O-O Kf7 29. Qh3 Qb7 30. Qe6+ Kf8 31. f4 Rxa1 32. Rxa1 c4 33. Ra7 Qxa7 34.
Bxa7 cxd3 35. Be3 Nxe4 36. Qf5+ Nf6 37. Qxd3 e4 38. Qc4 Rb8 39. Ba7 Re8 40. b6
Bd8 41. b7 Nd7 42. Qc6 e3 43. Qxd7 e2 44. Qxe8+ Kxe8 45. Kf2 1-0

[Event "OLNW 1819 Hannover 96 - SV Hellern"]
[Site "?"]
[Date "2018.10.21"]
[Round "1.8"]
[White "Kiselev, Alexander"]
[Black "zur Lage, Julian"]
[Result "1/2-1/2"]
[WhiteElo "2127"]
[BlackElo "2119"]
[PlyCount "44"]
[EventDate "2018.??.??"]

1. e4 e5 2. Nf3 Nc6 3. Bb5 a6 4. Ba4 Nf6 5. d4 exd4 6. O-O Be7 7. Re1 b5 8. Bb3
d6 9. Bd5 Bd7 10. Nxd4 Nxd5 11. Nxc6 Bxc6 12. exd5 Bb7 13. Bg5 f6 14. Bh4 O-O
15. a3 Qd7 16. Nc3 Rae8 17. Qd3 f5 18. Bxe7 Rxe7 19. f4 Rfe8 20. Kf2 g6 21. Qd4
c5 22. Qd2 Kf7 1/2-1/2

[Event "OLNW 1819 SK Union Oldenburg - SK Nordh"]
[Site "?"]
[Date "2018.10.21"]
[Round "1.1"]
[White "Kroeze, Frank"]
[Black "Bredemeier, Dirk"]
[Result "1-0"]
[WhiteElo "2370"]
[BlackElo "2294"]
[PlyCount "49"]
[EventDate "2018.??.??"]

1. d4 Nf6 2. c4 c5 3. d5 b5 4. cxb5 a6 5. e3 Bb7 6. Nc3 Qa5 7. Bd2 axb5 8. Bxb5
Qb6 9. Nf3 Nxd5 10. a4 e6 11. O-O Be7 12. e4 Nxc3 13. Bxc3 O-O 14. Re1 Qd8 15.
Ne5 d5 16. exd5 exd5 17. Qh5 Ba6 18. Nc6 Nxc6 19. Bxc6 Ra7 20. Bxd5 Bf6 21. Be4
g6 22. Qxc5 Rc7 23. Bxf6 Rxc5 24. Bxd8 Rxd8 25. b4 1-0

[Event "OLNW 1819 SK Union Oldenburg - SK Nordh"]
[Site "?"]
[Date "2018.10.21"]
[Round "1.3"]
[White "Plasman, Hans"]
[Black "Wittje, Berthold"]
[Result "1/2-1/2"]
[WhiteElo "2138"]
[BlackElo "2244"]
[PlyCount "33"]
[EventDate "2018.??.??"]

1. d4 Nf6 2. c4 e6 3. g3 d5 4. Nf3 Be7 5. Bg2 O-O 6. O-O dxc4 7. Ne5 Nc6 8.
Bxc6 bxc6 9. Nxc6 Qe8 10. Nxe7+ Qxe7 11. Qa4 e5 12. dxe5 Qxe5 13. Qxc4 Be6 14.
Qc2 Bf5 15. Qc4 Be6 16. Qc2 Bf5 17. Qc4 1/2-1/2

[Event "OLNW 1819 SK Union Oldenburg - SK Nordh"]
[Site "?"]
[Date "2018.10.21"]
[Round "1.4"]
[White "Meessen, Max"]
[Black "Oehne, Timo"]
[Result "1/2-1/2"]
[WhiteElo "2197"]
[BlackElo "2116"]
[PlyCount "88"]
[EventDate "2018.??.??"]

1. d4 Nf6 2. c4 g6 3. Nc3 Bg7 4. e4 O-O 5. f3 d6 6. Be3 Nbd7 7. Nge2 c5 8. d5
Ne5 9. Ng3 e6 10. Be2 exd5 11. cxd5 a6 12. a4 Re8 13. O-O Bd7 14. h3 Bc8 15. f4
Ned7 16. Qd2 Rb8 17. Rac1 Qa5 18. e5 dxe5 19. f5 Qb4 20. Kh1 b5 21. axb5 axb5
22. Bg5 c4 23. Rf2 Rb6 24. Bf3 Nc5 25. Qe3 Ra6 26. fxg6 hxg6 27. Be2 Nh7 28.
Nxb5 Qxb5 29. Bxc4 Qa5 30. Bxa6 Nxa6 31. d6 Nxg5 32. Qxg5 Be6 33. Ne4 Qd5 34.
Nf6+ Bxf6 35. Rxf6 Kg7 36. d7 Qxd7 37. Qxe5 Kg8 38. Qf4 Qd5 39. Qf3 Qd2 40. Rf1
Qd7 41. h4 Nc7 42. h5 Nd5 43. hxg6 Nxf6 44. Qxf6 Qe7 {(=)} 1/2-1/2

[Event "OLNW 1819 SK Union Oldenburg - SK Nordh"]
[Site "?"]
[Date "2018.10.21"]
[Round "1.5"]
[White "Stotyn, Fabian"]
[Black "Schuette, Marc"]
[Result "1-0"]
[WhiteElo "2212"]
[BlackElo "2099"]
[PlyCount "139"]
[EventDate "2018.??.??"]

1. e4 e5 2. d4 exd4 3. Qxd4 Qf6 4. Qe3 Qb6 5. Nc3 Bb4 6. Nge2 Qxe3 7. Bxe3 Nf6
8. a3 Be7 9. f3 Nc6 10. Nd4 d6 11. Ndb5 Bd8 12. Nd5 Nxd5 13. exd5 Ne7 14. O-O-O
a6 15. Nc3 Bf5 16. g4 Bd7 17. Bd3 Ng6 18. Bd4 O-O 19. Rhg1 Nh4 20. Rdf1 f5 21.
g5 f4 22. Be4 Bh3 23. Rf2 Nf5 24. Ne2 Nxd4 25. Nxd4 g6 26. Rd2 Re8 27. Ne2 Rf8
28. Rd4 Be7 29. Bd3 Rae8 30. Nxf4 Bd7 31. Rg3 Bd8 32. Ne2 Rf7 33. Kd2 Re5 34.
f4 Re8 35. Re3 Ref8 36. h3 Kg7 37. a4 a5 38. b3 Rh8 39. Rde4 Rhf8 40. c3 Bf5
41. Re8 Bd7 42. Rxf8 Rxf8 43. Bb5 c6 44. dxc6 bxc6 45. Bd3 Rf7 46. b4 Bb6 47.
Rf3 Be6 48. f5 gxf5 49. Nf4 Bc8 50. h4 Ra7 51. b5 cxb5 52. Bxb5 Bb7 53. Rd3 d5
54. Bd7 d4 55. Nh5+ Kh8 56. Bxf5 Ba6 57. Rf3 dxc3+ 58. Rxc3 Bf2 59. Bc8 Kg8 60.
Nf6+ Kf7 61. Bxa6 Rxa6 62. Rc7+ Kg6 63. h5+ Kf5 64. Nxh7 Kg4 65. g6 Bd4 66. Rc4
Kxh5 67. Rxd4 Kxg6 68. Nf8+ Kf7 69. Nd7 Ke7 70. Kd3 1-0

[Event "OLNW 1819 SK Union Oldenburg - SK Nordh"]
[Site "?"]
[Date "2018.10.21"]
[Round "1.6"]
[White "Wagner, Jan"]
[Black "Hoellmann, Ludger"]
[Result "0-1"]
[WhiteElo "2150"]
[BlackElo "2134"]
[PlyCount "76"]
[EventDate "2018.??.??"]

1. Nf3 d5 2. c4 e6 3. g3 Nf6 4. Bg2 c5 5. O-O dxc4 6. Na3 Nc6 7. Nxc4 Be7 8. b3
O-O 9. Bb2 Qc7 10. Rc1 Rd8 11. Nfe5 Bd7 12. f4 Rac8 13. Qe1 b5 14. Ne3 Be8 15.
g4 Nd5 16. Bxd5 exd5 17. Nf5 d4 18. Nd3 Qb6 19. Qf2 Bf8 20. g5 Bd7 21. Ng3 Bh3
22. Rfd1 c4 23. bxc4 bxc4 24. Rxc4 Be6 25. Rcc1 Bxa2 26. f5 Bb3 27. Rf1 a5 28.
g6 hxg6 29. fxg6 fxg6 30. Ne4 Be7 31. Qg3 Bf7 32. Ng5 Bxg5 33. Qxg5 Rd5 34. Qg4
Rc7 35. Ba3 Ne5 36. Qg3 Rxc1 37. Rxc1 Nxd3 38. Rc8+ Kh7 0-1

[Event "OLNW 1819 SK Union Oldenburg - SK Nordh"]
[Site "?"]
[Date "2018.10.21"]
[Round "1.7"]
[White "Bierenbroodspot, Paul"]
[Black "Buerckner, Hartmut"]
[Result "1-0"]
[WhiteElo "2091"]
[BlackElo "2168"]
[PlyCount "85"]
[EventDate "2018.??.??"]

1. c4 Nf6 2. Nc3 g6 3. g3 Bg7 4. Bg2 c5 5. b3 O-O 6. Bb2 Nc6 7. e3 d6 8. Nge2
Qc7 9. O-O a6 10. Rc1 Bd7 11. d4 Rac8 12. Nd5 Nxd5 13. cxd5 Na7 14. Qd2 b5 15.
dxc5 Bxb2 16. Qxb2 dxc5 17. h4 b4 18. h5 Bb5 19. h6 f6 20. Bh3 Rcd8 21. Nf4
Bxf1 22. Bxf1 Nb5 23. Qc2 Nc3 24. Bc4 Rd6 25. Ne6 Rxe6 26. dxe6 Rd8 27. a4 a5
28. Re1 Qe5 29. Kg2 Qd6 30. e4 Qd2 31. Qxd2 Rxd2 32. e5 f5 33. Re3 Kf8 34. Rd3
Rxd3 35. Bxd3 Nd5 36. Kf3 Nb6 37. Ke3 c4 38. bxc4 Nxa4 39. Kd4 Nc3 40. c5 Ne4
41. Bxe4 fxe4 42. c6 Ke8 43. c7 1-0

[Event "OLNW 1819 SK Union Oldenburg - SK Nordh"]
[Site "?"]
[Date "2018.10.21"]
[Round "1.8"]
[White "Heinemann, Ernst"]
[Black "Meijerink, Juergen"]
[Result "0-1"]
[WhiteElo "2104"]
[BlackElo "1982"]
[PlyCount "108"]
[EventDate "2018.??.??"]

1. e4 d6 2. Nc3 Nf6 3. d4 e5 4. Nf3 exd4 5. Nxd4 Be7 6. Be2 O-O 7. O-O Re8 8.
Bf4 Bf8 9. Bf3 Nbd7 10. Bg3 a6 11. a4 Ne5 12. Be2 c5 13. Nb3 Be6 14. Nxc5 Bc4
15. Nd3 Qc8 16. Nxe5 dxe5 17. Bxc4 Qxc4 18. Qf3 Bb4 19. Bh4 Bxc3 20. Bxf6 Bxb2
21. Qg4 g6 22. Rab1 Re6 23. Rxb2 Rxf6 24. Rxb7 Qxa4 25. Rd1 Qxc2 26. Rf1 Rf4
27. Qd7 Qxe4 28. Rc7 Qe2 29. Rc5 Rb8 30. Rc8+ Rxc8 31. Qxc8+ Kg7 32. Qc5 Rd4
33. g3 Rd1 34. Rxd1 Qxd1+ 35. Kg2 Qa1 36. h4 h5 37. Qc8 a5 38. g4 Qd4 39. gxh5
gxh5 40. f3 a4 41. Qf5 Qd2+ 42. Kh3 Qf4 43. Qd3 e4 44. fxe4 Qg4+ 45. Kh2 Qxh4+
46. Kg2 Qg4+ 47. Kh1 Kg8 48. Qd8+ Kh7 49. Qd3 Qg6 50. Kh2 h4 51. Qc4 a3 52. Qd5
Qg3+ 53. Kh1 Qf3+ 54. Kh2 h3 0-1

[Event "OLNW 1819 HSK Lister Turm - MTV Tostedt"]
[Site "?"]
[Date "2018.10.21"]
[Round "1.1"]
[White "Bokros, Albert"]
[Black "Voege, Tobias"]
[Result "1-0"]
[WhiteElo "2465"]
[BlackElo "2258"]
[PlyCount "45"]
[EventDate "2018.??.??"]

1. e4 e6 2. d4 d5 3. Bd3 dxe4 4. Bxe4 Nf6 5. Bf3 c5 6. Ne2 Nbd7 7. Be3 cxd4 8.
Nxd4 Be7 9. O-O Ne5 10. Nc3 O-O 11. Re1 Bb4 12. Ndb5 Nxf3+ 13. Qxf3 a6 14. a3
Bxc3 15. Nxc3 Qa5 16. Bd4 Qg5 17. Rad1 Qg6 18. Rd3 Re8 19. Bxf6 Qxf6 20. Qxf6
gxf6 21. Nd5 Rf8 22. Rg3+ Kh8 23. Nxf6 1-0

[Event "OLNW 1819 HSK Lister Turm - MTV Tostedt"]
[Site "?"]
[Date "2018.10.21"]
[Round "1.2"]
[White "Buchenau, Frank"]
[Black "Varga, Zoltan"]
[Result "1/2-1/2"]
[WhiteElo "2281"]
[BlackElo "2448"]
[PlyCount "87"]
[EventDate "2018.??.??"]

1. e4 Nf6 2. e5 Nd5 3. d4 d6 4. Nf3 dxe5 5. Nxe5 c6 6. Bd3 Nd7 7. Nf3 N7f6 8.
O-O Bg4 9. h3 Bh5 10. c4 Bxf3 11. Qxf3 Nb4 12. a3 Nxd3 13. Qxd3 e6 14. Nc3 Be7
15. Bf4 O-O 16. b4 c5 17. bxc5 Bxc5 18. Rfd1 Bd6 19. Be5 Rc8 20. Nb5 Bxe5 21.
dxe5 Qxd3 22. Rxd3 Ne4 23. Nxa7 Rxc4 24. Nb5 Nc5 25. Rd4 Rxd4 26. Nxd4 Ra8 27.
Rc1 Nd3 28. Rc7 b6 29. Nc6 h6 30. Rc8+ Rxc8 31. Ne7+ Kf8 32. Nxc8 b5 33. Nd6 b4
34. axb4 Nxb4 35. g3 g5 36. Kg2 Nc6 37. f4 gxf4 38. gxf4 Kg7 39. Kf3 Kg6 40.
Ke4 f6 41. exf6 Kxf6 42. f5 exf5+ 43. Nxf5 Kg5 44. Nxh6 1/2-1/2

[Event "OLNW 1819 HSK Lister Turm - MTV Tostedt"]
[Site "?"]
[Date "2018.10.21"]
[Round "1.3"]
[White "Izsak, Gyula"]
[Black "Polster, Christian"]
[Result "1/2-1/2"]
[WhiteElo "2427"]
[BlackElo "2294"]
[PlyCount "58"]
[EventDate "2018.??.??"]

1. Nf3 d5 2. d4 Nf6 3. c4 e6 4. Nc3 c6 5. cxd5 exd5 6. Qc2 Be7 7. Bf4 Nh5 8.
Bd2 O-O 9. e3 g6 10. Ne5 Nd7 11. Nd3 Ng7 12. Be2 Nb6 13. b3 Bf5 14. Qb2 Bxd3
15. Bxd3 Ne6 16. Ne2 Bf6 17. Bc3 Rc8 18. O-O c5 19. Rac1 Qe7 20. Qa3 a6 21.
dxc5 Bxc3 22. Rxc3 Rxc5 23. Rxc5 Qxc5 24. Qxc5 Nxc5 25. Bb1 Rd8 26. Rd1 Ne6 27.
Kf1 Kf8 28. Ke1 Ke7 29. h3 Nc8 1/2-1/2

[Event "OLNW 1819 HSK Lister Turm - MTV Tostedt"]
[Site "?"]
[Date "2018.10.21"]
[Round "1.4"]
[White "Hoerstmann, Rudi"]
[Black "Szeberenyi, Adam"]
[Result "1/2-1/2"]
[WhiteElo "2222"]
[BlackElo "2378"]
[PlyCount "110"]
[EventDate "2018.??.??"]

1. d4 Nf6 2. c4 g6 3. Nc3 d5 4. cxd5 Nxd5 5. e4 Nxc3 6. bxc3 Bg7 7. Nf3 c5 8.
Be3 O-O 9. Qd2 Qa5 10. Rb1 cxd4 11. cxd4 Qxd2+ 12. Kxd2 Nc6 13. Bd3 Rd8 14. d5
Na5 15. Ke2 f5 16. Rbc1 fxe4 17. Bxe4 Bd7 18. Ng5 Bb5+ 19. Kf3 Rf8+ 20. Kg3 Nc4
21. Ne6 Be5+ 22. f4 Bd6 23. Kf3 Rfc8 24. h4 Nxe3 25. Kxe3 Bd7 26. g4 Rxc1 27.
Rxc1 Rc8 28. Rh1 Rc3+ 29. Kd4 Ra3 30. h5 Ra4+ 31. Ke3 Ra3+ 32. Kd4 Bxe6 33.
dxe6 Bxf4 34. hxg6 Ra4+ 35. Kd3 Ra3+ 36. Kd4 Be3+ 37. Ke5 Ra5+ 38. Bd5 hxg6 39.
Rf1 Bg5 40. Rf2 Ra4 41. Bxb7 Rxg4 42. Be4 Bf6+ 43. Kd5 g5 44. Rf3 Rg1 45. Ra3
g4 46. Rxa7 g3 47. Ra3 Bh4 48. Rd3 Kg7 49. Ke5 Kh6 50. Kf4 Bf6 51. a4 Kh5 52.
Bf3+ Kg6 53. Be4+ Kh5 54. Bf3+ Kg6 55. Be4+ Kh5 1/2-1/2

[Event "OLNW 1819 HSK Lister Turm - MTV Tostedt"]
[Site "?"]
[Date "2018.10.21"]
[Round "1.5"]
[White "Nedic, Dusan"]
[Black "Hampel, Felix"]
[Result "0-1"]
[WhiteElo "2320"]
[BlackElo "2206"]
[PlyCount "60"]
[EventDate "2018.??.??"]

1. d4 g6 2. c4 Bg7 3. g3 d6 4. Nf3 Nd7 5. Bg2 e5 6. O-O Ne7 7. Nc3 O-O 8. e4
exd4 9. Nxd4 Nc6 10. Nde2 a5 11. Be3 Nde5 12. b3 f5 13. Rc1 Ng4 14. Bd2 Nf6 15.
exf5 Bxf5 16. h3 h5 17. Nd5 Qd7 18. Nef4 Ne4 19. Be1 Ng5 20. Kh2 Rae8 21. Bc3
Ne5 22. Ne3 Be4 23. Bxe4 Nxe4 24. Bxe5 Rxe5 25. Kg2 Kh7 26. Qd3 Qf7 27. h4 Bh6
28. Nh3 Qf3+ 29. Kh2 Nf6 30. Qd1 Rxe3 0-1